[Event "FIDE World Corporate GpA"]
[Site "New York"]
[Date "2024.06.16"]
[Round "9"]
[White "Tiraturyan, David"]
[Black "Andrenko, Irina"]
[Result "1-0"]
[WhiteElo "2272"]
[BlackElo "2122"]
[PlyCount "79"]
[EventDate "2024.06.15"]
[EventType "team-swiss (rapid)"]
[EventRounds "10"]
[EventCountry "USA"]
[SourceTitle "CBM 220 Extra"]
[Source "ChessBase"]
[SourceDate "2024.07.31"]
[SourceVersion "1"]
[SourceVersionDate "2024.07.31"]
[SourceQuality "1"]
[WhiteTeam "ChessMood"]
[BlackTeam "LLC LC GRECO"]
[WhiteTeamCountry "ARM"]
[BlackTeamCountry "USA"]

1. e4 c5 2. Nf3 e6 3. g3 Nc6 4. Bg2 Qc7 5. 0-0 a6 6. c3 Nf6 7. Re1 e5 8. d4 d6 9. dxc5 dxc5 10. Bg5 Be7 11. Bxf6 Bxf6 12. a4 0-0 13. Na3 Be6 14. Bf1 Rfd8 15. Qc2 Na5 16. Nd2 c4 17. Be2 Rd7 18. Nf1 Rad8 19. Rad1 Bg5 20. h4 Bh6 21. Rxd7 Rxd7 22. Rd1 Qd8 23. Rxd7 Qxd7 24. Nh2 f6 25. Nf3 g6 26. h5 b5 27. hxg6 hxg6 28. axb5 axb5 29. Qb1 Nb3 30. Nc2 Nd2 31. Qa2 Nxf3+ 32. Bxf3 Qd2 33. Nb4 Qc1+ 34. Kg2 Qd2 35. Qa8+ Kg7 36. Qa7+ Qd7 37. Qb6 Bc1 38. Na6 Qf7 39. Qxb5 g5 40. Nc5 1-0

[Event "ARM-ch HL 84th"]
[Site "Yerevan"]
[Date "2024.01.20"]
[Round "9"]
[White "Andriasian, Zaven"]
[Black "Tiraturyan, David"]
[Result "1-0"]
[WhiteElo "2581"]
[BlackElo "2258"]
[PlyCount "78"]
[EventDate "2024.01.12"]
[EventType "tourn"]
[EventRounds "9"]
[EventCountry "ARM"]
[EventCategory "10"]
[SourceTitle "CBM 218 Extra"]
[Source "ChessBase"]
[SourceDate "2024.03.31"]
[SourceVersion "1"]
[SourceVersionDate "2024.03.31"]
[SourceQuality "1"]

1. e4 c5 2. Nf3 d6 3. d4 cxd4 4. Nxd4 Nf6 5. Nc3 Nc6 6. Bg5 Bd7 7. Qd3 Rc8 8. Bxf6 gxf6 9. f4 Nxd4 10. Qxd4 Qa5 11. 0-0-0 Qc5 12. Be2 Qxd4 13. Rxd4 f5 14. exf5 Bxf5 15. Ra4 a6 16. Rb4 Bg7 17. Rxb7 Bxc3 18. bxc3 Rxc3 19. Rb8+ Rc8 20. Rxc8+ Bxc8 21. Kd2 Kd8 22. Rb1 Kc7 23. a4 Bb7 24. g4 f6 25. a5 h6 26. Rb3 e5 27. f5 Be4 28. Ke3 Bb7 29. Kf2 Be4 30. Rb4 d5 31. c3 h5 32. gxh5 Rg8 33. Bf3 Rg5 34. h6 Bxf5 35. Rh4 Bh7 36. Bxd5 f5 37. Rb4 f4 38. Rb7+ Kd6 39. h4 Kxd5 1-0

[Event "ARM-ch HL 84th"]
[Site "Yerevan"]
[Date "2024.01.16"]
[Round "5"]
[White "Tiraturyan, David"]
[Black "Chaqryan, Erik"]
[Result "0-1"]
[WhiteElo "2258"]
[BlackElo "2308"]
[PlyCount "166"]
[EventDate "2024.01.12"]
[EventType "tourn"]
[EventRounds "9"]
[EventCountry "ARM"]
[EventCategory "10"]
[SourceTitle "CBM 218 Extra"]
[Source "ChessBase"]
[SourceDate "2024.03.31"]
[SourceVersion "1"]
[SourceVersionDate "2024.03.31"]
[SourceQuality "1"]

1. d4 Nf6 2. Bg5 e6 3. Nf3 h6 4. Bxf6 Qxf6 5. Nbd2 d6 6. e4 g6 7. Bb5+ Nd7 8. 0-0 Bg7 9. c3 e5 10. a4 0-0 11. Re1 a6 12. Bd3 Re8 13. Nc4 Nf8 14. Ne3 c6 15. d5 Nh7 16. dxc6 bxc6 17. Bc4 Qe7 18. b4 Nf6 19. Qc2 Bb7 20. Red1 Rad8 21. b5 cxb5 22. Nd5 Bxd5 23. Bxd5 Rc8 24. axb5 axb5 25. Qb3 Rc5 26. Ra5 Rec8 27. Rxb5 Rxc3 28. Qb1 Bf8 29. h3 Nh5 30. Rb7 R8c7 31. Rxc7 Qxc7 32. Nh2 Nf4 33. Qb7 Qxb7 34. Bxb7 h5 35. Nf1 Rb3 36. Bc6 Rb6 37. Bd5 Nxd5 38. Rxd5 Rb1 39. g4 hxg4 40. hxg4 Re1 41. f3 Be7 42. Rd2 Kf8 43. Kg2 Ke8 44. Ng3 Rc1 45. Ne2 Rc4 46. Rd3 Rc2 47. Kf1 Kd7 48. Nc3 Ke6 49. Ke1 Bh4+ 50. Kd1 Rb2 51. Rd2 Rb3 52. Rc2 Bd8 53. Ke2 Bb6 54. Nd5 Bc5 55. Rd2 Rb1 56. Rd1 Rb8 57. Rd2 Rh8 58. Kf1 Rh1+ 59. Ke2 f6 60. Rd3 Rh2+ 61. Kd1 f5 62. gxf5+ gxf5 63. Rd2 Rh1+ 64. Ke2 f4 65. Rd3 Kf7 66. Rb3 Rh2+ 67. Ke1 Kg6 68. Ne7+ Kf6 69. Nf5 d5 70. Rb5 Rc2 71. Kd1 Rc4 72. Nh6 dxe4 73. fxe4 f3 74. Ng4+ Ke6 75. Rxc5 Rxc5 76. Kd2 Kd6 77. Ke3 Rc3+ 78. Kf2 Rb3 79. Ne3 Kc5 80. Nf5 Kc4 81. Kg3 Rd3 82. Kf2 Rd8 83. Kxf3 Kd3 0-1

[Event "ARM-ch 1st League 82nd"]
[Site "Yerevan"]
[Date "2021.08.19"]
[Round "8"]
[White "Tiraturyan, David"]
[Black "Yeremyan, Alen"]
[Result "1-0"]
[WhiteElo "2266"]
[BlackElo "2199"]
[PlyCount "69"]
[EventDate "2021.08.11"]
[EventType "tourn"]
[EventRounds "13"]
[EventCountry "ARM"]
[EventCategory "3"]
[SourceTitle "CBM 204 Extra"]
[Source "ChessBase"]
[SourceDate "2021.11.30"]
[SourceVersion "1"]
[SourceVersionDate "2021.11.30"]
[SourceQuality "1"]

1. e4 c5 2. Nf3 Nc6 3. Bb5 g6 4. Bxc6 dxc6 5. d3 Bg7 6. h3 b6 7. 0-0 Qc7 8. a4 a5 9. Na3 Ba6 10. Rb1 e5 11. Bd2 Nf6 12. Qc1 h6 13. b3 Nd7 14. Nc4 Bxc4 15. bxc4 Qd6 16. Nh2 f5 17. f4 fxe4 18. fxe5 Bxe5 19. Ng4 Bd4+ 20. Kh1 g5 21. c3 Bg7 22. Bxg5 hxg5 23. Qxg5 Bh6 24. Qh5+ Kd8 25. dxe4 Kc7 26. Rbd1 Bd2 27. e5 Qd3 28. Qf5 Qxc3 29. Rf3 Raf8 30. Nf6 Rxf6 31. exf6 Qe5 32. Rxd2 Qe1+ 33. Kh2 Qxd2 34. Rd3 Qe2 35. Rxd7+ 1-0

[Event "ARM-ch 1st League 82nd"]
[Site "Yerevan"]
[Date "2021.08.17"]
[Round "7"]
[White "Shahinyan, David"]
[Black "Tiraturyan, David"]
[Result "1-0"]
[WhiteElo "2456"]
[BlackElo "2266"]
[PlyCount "189"]
[EventDate "2021.08.11"]
[EventType "tourn"]
[EventRounds "13"]
[EventCountry "ARM"]
[EventCategory "3"]
[SourceTitle "CBM 204 Extra"]
[Source "ChessBase"]
[SourceDate "2021.11.30"]
[SourceVersion "1"]
[SourceVersionDate "2021.11.30"]
[SourceQuality "1"]

1. f4 b5 2. e3 Bb7 3. Nf3 a6 4. b3 d6 5. Bb2 Nd7 6. d4 Ngf6 7. Bd3 g6 8. 0-0 Bg7 9. Nbd2 c5 10. Qe1 e6 11. e4 Nh5 12. Qe3 0-0 13. e5 Bh6 14. g3 cxd4 15. Qxd4 dxe5 16. Nxe5 Nxe5 17. Qxd8 Rfxd8 18. Bxe5 Bf8 19. Rfe1 Bc5+ 20. Kf1 f6 21. Bb2 Kf7 22. a4 Bc6 23. axb5 axb5 24. Rxa8 Rxa8 25. Ne4 Be7 26. Ra1 Rxa1+ 27. Bxa1 Ng7 28. Nc3 b4 29. Be4 Bd7 30. Na2 Ne8 31. Bd4 Bb5+ 32. Kf2 Nc7 33. Bb6 f5 34. Bf3 Na6 35. Be2 Bxe2 36. Kxe2 e5 37. fxe5 Ke6 38. Kd3 Kd5 39. c4+ bxc3 40. Nxc3+ Kxe5 41. Kc4 g5 42. Nd5 Bd6 43. Bd4+ Ke6 44. Be3 h6 45. b4 Nc7 46. Nxc7+ Bxc7 47. b5 f4 48. gxf4 gxf4 49. Bf2 f3 50. h3 Ke5 51. b6 Bb8 52. Kd3 Kf4 53. Kd4 h5 54. Bh4 Bd6 55. Be1 Be5+ 56. Kd3 Bd6 57. Bf2 Be5 58. Bh4 Bb8 59. Kd4 Bd6 60. Kd5 Bb8 61. Bf2 Kf5 62. Bg1 Kf4 63. Bf2 Kf5 64. Be3 Bg3 65. b7 Bb8 66. Bg1 Bc7 67. Ba7 Be5 68. Bd4 Bb8 69. Be3 Be5 70. Ba7 Bg3 71. Kc4 Bc7 72. Kd3 Kg5 73. Ke4 Kh4 74. Kxf3 Kxh3 75. Be3 Bb8 76. Bg5 Ba7 77. Be3 Bb8 78. Bf4 Ba7 79. Bg3 h4 80. Be5 Bb8 81. Ke4 Ba7 82. Kf3 Bb8 83. Bf6 Ba7 84. Bd4 Bb8 85. Bf2 Bc7 86. Bd4 Bb8 87. Bf6 Ba7 88. Kf4 Bb8+ 89. Be5 Ba7 90. Bf6 Bb8+ 91. Ke4 Kg4 92. Be5 Ba7 93. Kd5 h3 94. Kc6 Kf3 95. Kb5 1-0

[Event "ARM-ch 1st League 82nd"]
[Site "Yerevan"]
[Date "2021.08.16"]
[Round "6"]
[White "Tiraturyan, David"]
[Black "Davtyan, Artur"]
[Result "1-0"]
[WhiteElo "2266"]
[BlackElo "2466"]
[PlyCount "89"]
[EventDate "2021.08.11"]
[EventType "tourn"]
[EventRounds "13"]
[EventCountry "ARM"]
[EventCategory "3"]
[SourceTitle "CBM 204 Extra"]
[Source "ChessBase"]
[SourceDate "2021.11.30"]
[SourceVersion "1"]
[SourceVersionDate "2021.11.30"]
[SourceQuality "1"]

1. e4 c5 2. Nf3 Nc6 3. Bb5 e6 4. 0-0 Nge7 5. Re1 a6 6. Bf1 d5 7. exd5 Qxd5 8. Na3 Qd8 9. c3 Nf5 10. Nc4 Be7 11. a4 Rb8 12. a5 Nd6 13. Nfe5 Nxe5 14. Nxe5 Nf5 15. d3 0-0 16. Nc4 Bd6 17. g3 Bc7 18. Qb3 Qd5 19. Bg2 Qxd3 20. Bf4 Nd4 21. Qd1 Qxd1 22. Raxd1 Nb5 23. Be3 e5 24. Bxc5 Re8 25. Nxe5 Be6 26. Bb6 Bb3 27. Bxc7 Nxc7 28. Rd7 Ne6 29. Rxb7 Rxb7 30. Bxb7 Nc5 31. Bc6 Rd8 32. Nf3 Kf8 33. Nd4 Bc4 34. b4 Nd3 35. Re3 g6 36. b5 Nc5 37. b6 h5 38. h4 Rc8 39. Re5 Ne6 40. Bd7 Nxd4 41. cxd4 Rb8 42. Re8+ Rxe8 43. Bxe8 Bd5 44. Bd7 Bb7 45. d5 1-0

[Event "ARM-ch 1st League 82nd"]
[Site "Yerevan"]
[Date "2021.08.15"]
[Round "5"]
[White "Torosyan, Norayr"]
[Black "Tiraturyan, David"]
[Result "1-0"]
[WhiteElo "2374"]
[BlackElo "2266"]
[PlyCount "61"]
[EventDate "2021.08.11"]
[EventType "tourn"]
[EventRounds "13"]
[EventCountry "ARM"]
[EventCategory "3"]
[SourceTitle "CBM 204 Extra"]
[Source "ChessBase"]
[SourceDate "2021.11.30"]
[SourceVersion "1"]
[SourceVersionDate "2021.11.30"]
[SourceQuality "1"]

1. e4 g6 2. Nc3 Bg7 3. Bc4 c6 4. d3 Nf6 5. Bb3 0-0 6. f4 d5 7. Nf3 a5 8. e5 Nfd7 9. d4 b5 10. a4 b4 11. Ne2 e6 12. h4 c5 13. h5 Re8 14. hxg6 fxg6 15. f5 gxf5 16. Ng3 Ra7 17. Nh5 Re7 18. Bg5 Qf8 19. Rh3 Rf7 20. Rg3 Kh8 21. c3 Nc6 22. Kf2 Ne7 23. Nf4 c4 24. Qh1 Qe8 25. Bd1 Nf8 26. Nh4 bxc3 27. bxc3 Rb7 28. Bh5 Rb2+ 29. Kg1 Nd7 30. Bxf7 Qxf7 31. Bxe7 1-0

[Event "Tsaghkadzor op"]
[Site "Tsaghkadzor"]
[Date "2017.11.23"]
[Round "1"]
[White "Pashikian, Arman"]
[Black "Tiraturyan, David"]
[Result "1-0"]
[WhiteElo "2594"]
[BlackElo "2260"]
[PlyCount "69"]
[EventDate "2017.11.23"]
[EventType "swiss"]
[EventRounds "9"]
[EventCountry "ARM"]
[SourceTitle "CBM 181 Extra"]
[Source "ChessBase"]
[SourceDate "2017.12.12"]
[SourceVersion "1"]
[SourceVersionDate "2017.12.12"]
[SourceQuality "1"]

1. d4 Nf6 2. Nf3 g6 3. c4 Bg7 4. g3 0-0 5. Bg2 c6 6. Nc3 d5 7. Qb3 Qb6 8. 0-0 Bg4 9. h3 Bxf3 10. Bxf3 e6 11. Rd1 Nbd7 12. e3 Rfe8 13. Bg2 Rac8 14. Bd2 a6 15. Be1 Qxb3 16. axb3 Nb6 17. Bf1 e5 18. dxe5 Rxe5 19. Na4 Nxa4 20. bxa4 Re7 21. Rac1 Rce8 22. b4 dxc4 23. Bxc4 Nd7 24. Be2 Nb6 25. b5 axb5 26. axb5 Re6 27. bxc6 bxc6 28. Bg4 f5 29. Bf3 Nd5 30. Rxd5 cxd5 31. Bxd5 Kf8 32. Bb4+ R6e7 33. Rc6 Bh6 34. Rf6+ Kg7 35. Bc3 1-0

[Event "Yerevan op 2nd"]
[Site "Yerevan"]
[Date "2017.09.20"]
[Round "2"]
[White "Tiraturyan, David"]
[Black "Aleksandrov, Aleksej"]
[Result "0-1"]
[WhiteElo "2316"]
[BlackElo "2580"]
[PlyCount "117"]
[EventDate "2017.09.19"]
[EventType "swiss"]
[EventRounds "9"]
[EventCountry "ARM"]
[SourceTitle "CBM 180 Extra"]
[Source "ChessBase"]
[SourceDate "2017.10.06"]
[SourceVersion "1"]
[SourceVersionDate "2017.10.06"]
[SourceQuality "1"]

1. d4 Nf6 2. Bf4 c5 3. e3 d5 4. c3 Nc6 5. Nd2 e6 6. Ngf3 Bd6 7. Bg3 0-0 8. Bb5 Qe7 9. Bxc6 bxc6 10. Qa4 Bxg3 11. hxg3 cxd4 12. cxd4 Rb8 13. Nb3 Rb6 14. Qa3 Qxa3 15. bxa3 Ra6 16. 0-0 Rxa3 17. Ne5 Ba6 18. Rfc1 Bb5 19. f3 h5 20. Rc2 Rc8 21. Rac1 Rc7 22. Rc5 Ne8 23. R1c2 Nd6 24. R5c3 Nc4 25. Nxc4 Bxc4 26. Nd2 Rxc3 27. Rxc3 c5 28. dxc5 Rxc5 29. e4 Ra5 30. a3 Ba2 31. exd5 Bxd5 32. Kf2 g5 33. Nf1 Kg7 34. Ne3 Kf6 35. Nc2 Rb5 36. Nb4 Bb7 37. Nd3 Bd5 38. Nb4 a5 39. Nd3 Rb1 40. Nc5 Rb2+ 41. Kg1 Kf5 42. Nd3 Rb3 43. Rxb3 Bxb3 44. Kf2 Bd5 45. Ke3 f6 46. Nf2 Ke5 47. Kd3 Kd6 48. Nd1 Kc5 49. Ne3 Bc6 50. Kc3 Bd5 51. Kd3 f5 52. Kc3 g4 53. f4 Be4 54. Nc4 Bxg2 55. Ne5 Bc6 56. Ng6 Bb5 57. Nf8 Kd5 58. Kd2 Be8 59. Ke3 0-1

[Event "Yerevan Asrian Memorial 9th"]
[Site "Yerevan"]
[Date "2016.06.24"]
[Round "9"]
[White "Avetisyan, Mariam"]
[Black "Tiraturyan, David"]
[Result "1-0"]
[WhiteElo "2050"]
[BlackElo "2235"]
[PlyCount "77"]
[EventDate "2016.06.16"]
[EventType "swiss"]
[EventRounds "9"]
[EventCountry "ARM"]
[SourceTitle "EXT 2017"]
[Source "ChessBase"]
[SourceDate "2016.10.25"]
[SourceVersion "1"]
[SourceVersionDate "2016.10.25"]
[SourceQuality "1"]

1. d4 d6 2. c4 g6 3. Nc3 Bg7 4. Nf3 Bg4 5. Bf4 Bxf3 6. gxf3 Nd7 7. Bh3 e6 8. Qd2 a6 9. e4 c5 10. d5 e5 11. Bg5 Ne7 12. Na4 Nf6 13. b4 b5 14. Nb2 0-0 15. bxc5 dxc5 16. 0-0 h6 17. Bxh6 Bxh6 18. Qxh6 Nh5 19. Kh1 Nf4 20. Rg1 Qd6 21. Rg4 Qf6 22. Rd1 bxc4 23. Nxc4 Rab8 24. Rgg1 Rb4 25. Bf1 Nfxd5 26. Rg3 Nc3 27. Rd7 Qf4 28. Qh3 Qf6 29. Ne3 Re8 30. Ng4 Qg7 31. Qh4 Kf8 32. Nf6 Nf5 33. Qg5 Nxg3+ 34. fxg3 Rd4 35. Rc7 Rdd8 36. Bc4 Nb5 37. Rxf7+ Qxf7 38. Nh7+ Kg7 39. Bxf7 1-0

[Event "Yerevan Asrian Memorial 8th"]
[Site "Yerevan"]
[Date "2015.06.23"]
[Round "8"]
[White "Mikaelyan, Arman"]
[Black "Tiraturyan, David"]
[Result "1-0"]
[WhiteElo "2437"]
[BlackElo "2232"]
[PlyCount "117"]
[EventDate "2015.06.16"]
[EventType "swiss"]
[EventRounds "9"]
[EventCountry "ARM"]
[SourceTitle "CBM 167 Extra"]
[Source "ChessBase"]
[SourceDate "2015.09.14"]
[SourceVersion "1"]
[SourceVersionDate "2015.09.14"]
[SourceQuality "1"]

1. g3 g6 2. Bg2 Bg7 3. e4 c5 4. Ne2 Nc6 5. Nbc3 e6 6. d3 Nge7 7. Be3 Nd4 8. 0-0 0-0 9. Qd2 Rb8 10. f4 d6 11. Nd1 b5 12. c3 Nxe2+ 13. Qxe2 b4 14. g4 bxc3 15. bxc3 f5 16. exf5 gxf5 17. g5 Ng6 18. Rc1 Qd7 19. Qf2 h6 20. gxh6 Bxh6 21. d4 Kh7 22. dxc5 dxc5 23. Kh1 Bb7 24. Bxb7 Qxb7+ 25. Qf3 c4 26. Qxb7+ Rxb7 27. Rc2 Rd8 28. Nb2 Rc7 29. Re2 Kg8 30. h4 Kf7 31. h5 Ne7 32. Bd4 Nd5 33. Be5 Rc6 34. Rd2 Bg7 35. Bxg7 Kxg7 36. Rg1+ Kf6 37. Rg6+ Kf7 38. Rd4 Rh8 39. Rg5 Kf6 40. Rxd5 exd5 41. Rg6+ Ke7 42. Rxc6 Rxh5+ 43. Kg2 Rh4 44. Kg3 Rh1 45. Rc7+ Kd6 46. Rxa7 Rc1 47. Na4 Kc6 48. Ra5 Rc2 49. Kf3 Rd2 50. Ke3 Rd3+ 51. Ke2 Rh3 52. a3 Rh1 53. Rc5+ Kd6 54. Rb5 Rh2+ 55. Kf3 Ra2 56. Rb6+ Kc7 57. Ke3 Rxa3 58. Ra6 Ra1 59. Kd4 1-0

[Event "Yerevan Asrian Memorial 8th"]
[Site "Yerevan"]
[Date "2015.06.21"]
[Round "6"]
[White "Tiraturyan, David"]
[Black "Petrosyan, Manuel"]
[Result "0-1"]
[WhiteElo "2232"]
[BlackElo "2449"]
[PlyCount "200"]
[EventDate "2015.06.16"]
[EventType "swiss"]
[EventRounds "9"]
[EventCountry "ARM"]
[SourceTitle "CBM 167 Extra"]
[Source "ChessBase"]
[SourceDate "2015.09.14"]
[SourceVersion "1"]
[SourceVersionDate "2015.09.14"]
[SourceQuality "1"]

1. e4 c5 2. b3 Nc6 3. Bb2 a6 4. g3 d5 5. Bg2 dxe4 6. Bxe4 Nf6 7. Bxc6+ bxc6 8. Qf3 Qc7 9. Ne2 e5 10. Na3 Bd6 11. Nc4 0-0 12. h3 Re8 13. Nc3 Be6 14. Ne3 c4 15. Nxc4 Bxc4 16. bxc4 e4 17. Qe3 Rab8 18. Rb1 Qd7 19. Ba1 Qe6 20. c5 Nd5 21. Rxb8 Nxe3 22. Rxe8+ Qxe8 23. dxe3 Be5 24. 0-0 Qe6 25. Ne2 Bxa1 26. Rxa1 Qc4 27. Rb1 g6 28. Nd4 Qxc5 29. Rb8+ Kg7 30. Rc8 Qc4 31. Rxc6 Qxa2 32. c4 a5 33. c5 Qc4 34. Rc7 Qa6 35. Rc6 Qa7 36. Nb5 Qd7 37. Rb6 Qd1+ 38. Kg2 Qf3+ 39. Kg1 Qd1+ 40. Kg2 Qf3+ 41. Kg1 Qh5 42. c6 Qc5 43. c7 Qxb6 44. c8Q Qxb5 45. Qc3+ Kf8 46. Qc8+ Ke7 47. Qc7+ Ke6 48. Qc8+ Kd5 49. Qa8+ Kc4 50. Qxe4+ Kc3 51. Qe7 a4 52. Qa3+ Qb3 53. Qc1+ Kd3 54. e4 a3 55. Kg2 Kxe4 56. Qf4+ Kd3 57. Qf3+ Kc2 58. Qe2+ Kc3 59. Qe5+ Kd2 60. Qd4+ Kc2 61. Qe4+ Qd3 62. Qa4+ Kb2 63. Qb4+ Ka1 64. Kh2 h5 65. h4 Ka2 66. Kg2 f5 67. Kh2 Qe2 68. Qb6 Qc2 69. Qe6+ Kb2 70. Qe5+ Qc3 71. Qe2+ Kc1 72. Qe6 Qd4 73. Qe1+ Kc2 74. Qe2+ Kc3 75. Qe1+ Kb3 76. Qe6+ Qc4 77. Qb6+ Kc2 78. Qxg6 Qc5 79. Kg2 a2 80. Qa6 Qd5+ 81. Kh2 Kd2 82. Qa7 Ke2 83. Qe3+ Kf1 84. Qc1+ Kxf2 85. Qb2+ Ke3 86. Qa1 Ke2 87. Kh3 Qc4 88. Qb2+ Kd3 89. Qa1 Qg4+ 90. Kh2 Qe2+ 91. Kh3 f4 92. gxf4 Qf3+ 93. Kh2 Qxf4+ 94. Kh3 Qg4+ 95. Kh2 Qxh4+ 96. Kg2 Qe4+ 97. Kh3 Qe6+ 98. Kg3 Kc2 99. Kf4 Qc4+ 100. Kg5 Qb5+ 0-1

[Event "Yerevan Asrian Memorial 8th"]
[Site "Yerevan"]
[Date "2015.06.20"]
[Round "5"]
[White "Torosyan, Norayr"]
[Black "Tiraturyan, David"]
[Result "1/2-1/2"]
[WhiteElo "2336"]
[BlackElo "2232"]
[PlyCount "101"]
[EventDate "2015.06.16"]
[EventType "swiss"]
[EventRounds "9"]
[EventCountry "ARM"]
[SourceTitle "CBM 167 Extra"]
[Source "ChessBase"]
[SourceDate "2015.09.14"]
[SourceVersion "1"]
[SourceVersionDate "2015.09.14"]
[SourceQuality "1"]

1. e4 c5 2. Nc3 Nc6 3. Bb5 g6 4. Bxc6 bxc6 5. d4 Bg7 6. dxc5 Qa5 7. Nge2 Nf6 8. Qd4 0-0 9. e5 Nd5 10. Bd2 Qc7 11. Nxd5 cxd5 12. Bf4 Ba6 13. Nc3 e6 14. Bg3 Rfc8 15. Qa4 Qb7 16. Qb3 d4 17. Qxb7 Bxb7 18. Ne2 Rxc5 19. Nxd4 Bxg2 20. Rg1 Be4 21. c3 Bxe5 22. Nb3 Rd5 23. f4 Bf6 24. Nd2 Bf5 25. 0-0-0 Rb8 26. Nb3 Bd3 27. Bf2 Bc4 28. Nc5 Rd8 29. Nb7 Rb8 30. Nc5 Rd8 31. Nb7 Ra8 32. Nc5 Rxd1+ 33. Rxd1 d5 34. Bd4 Kg7 35. Kd2 h6 36. a4 a5 37. b3 Ba6 38. h4 Bxd4 39. cxd4 Kf6 40. Nd7+ Ke7 41. Nc5 Ra7 42. Re1 Kf6 43. Ke3 Bc8 44. Kf3 Ra8 45. Re5 Rb8 46. Re1 Rb4 47. Ke3 Kf5 48. Rc1 Bb7 49. Rg1 Bc6 50. Rc1 Bb7 51. Rg1 1/2-1/2

[Event "Yerevan Asrian Memorial 8th"]
[Site "Yerevan"]
[Date "2015.06.17"]
[Round "2"]
[White "Babujian, Levon"]
[Black "Tiraturyan, David"]
[Result "1-0"]
[WhiteElo "2459"]
[BlackElo "2232"]
[PlyCount "119"]
[EventDate "2015.06.16"]
[EventType "swiss"]
[EventRounds "9"]
[EventCountry "ARM"]
[SourceTitle "CBM 167 Extra"]
[Source "ChessBase"]
[SourceDate "2015.09.14"]
[SourceVersion "1"]
[SourceVersionDate "2015.09.14"]
[SourceQuality "1"]

1. e4 c5 2. Nc3 Nc6 3. Bb5 e6 4. Bxc6 bxc6 5. d3 Ne7 6. Nf3 Ng6 7. h4 f6 8. h5 Ne5 9. Nxe5 fxe5 10. Qg4 d6 11. Rh3 Rb8 12. b3 Rb7 13. Be3 Rf7 14. 0-0-0 Be7 15. Rdh1 0-0 16. Rg3 Kh8 17. Ne2 Bf6 18. Ng1 Qa5 19. Kb2 d5 20. Nf3 c4 21. dxc4 dxc4 22. Bd2 Qc5 23. Bc3 a5 24. h6 g6 25. Ng5 Ra7 26. Rf3 Kg8 27. Rd1 Qe7 28. Qg3 cxb3 29. cxb3 a4 30. b4 a3+ 31. Kc2 Rd7 32. Rxd7 Bxd7 33. Bxe5 Bxg5 34. Rxf8+ Qxf8 35. Qxg5 c5 36. Kb3 cxb4 37. Qd2 Bc6 38. f3 Qe7 39. Qd4 Bb5 40. Bd6 e5 41. Qc5 Qb7 42. Bxe5 Be2 43. Qd6 Qf7+ 44. Kxb4 Qf8 45. Kxa3 Qxd6+ 46. Bxd6 Bf1 47. g3 Bg2 48. e5 Kf7 49. f4 Bd5 50. Kb2 Ke6 51. a4 Bb7 52. Kc3 Kd5 53. Kb4 Bc8 54. Bb8 Bb7 55. a5 Ba6 56. g4 Bc8 57. f5 gxf5 58. g5 f4 59. g6 f3 60. Ba7 1-0

[Event "EU-ch 15th"]
[Site "Yerevan"]
[Date "2014.03.11"]
[Round "8"]
[White "Tiraturyan, David"]
[Black "Lugovskoy, Maxim"]
[Result "0-1"]
[WhiteElo "2201"]
[BlackElo "2397"]
[PlyCount "56"]
[EventDate "2014.03.03"]
[EventType "swiss"]
[EventRounds "11"]
[EventCountry "ARM"]
[SourceTitle "CBM 160"]
[Source "ChessBase"]
[SourceDate "2014.05.15"]
[SourceVersion "1"]
[SourceVersionDate "2014.05.15"]
[SourceQuality "1"]

1. e4 e6 2. Qe2 e5 3. Nf3 Nc6 4. Qe3 d6 5. Bc4 Be7 6. Qb3 Nh6 7. d3 Na5 8. Qc3 Nxc4 9. Bxh6 gxh6 10. Qxc4 Rg8 11. g3 Bg4 12. Nbd2 Qd7 13. a4 0-0-0 14. 0-0 f5 15. Qb5 c6 16. Qb3 h5 17. a5 f4 18. a6 b6 19. d4 h4 20. dxe5 hxg3 21. fxg3 fxg3 22. hxg3 dxe5 23. Kh2 Qd6 24. Qc3 Qh6+ 25. Kg2 Qh3+ 26. Kf2 Bc5+ 27. Ke1 Qxg3+ 28. Kd1 Bxf3+ 0-1

[Event "Poti Aleksandria Cup 7th"]
[Site "Poti"]
[Date "2012.07.20"]
[Round "9"]
[White "Sibashvili, Giorgi"]
[Black "Tiraturyan, David"]
[Result "1/2-1/2"]
[WhiteElo "2033"]
[BlackElo "2167"]
[PlyCount "80"]
[EventDate "2012.07.14"]
[EventType "swiss"]
[EventRounds "9"]
[EventCountry "GEO"]
[SourceTitle "CBM 149 Extra"]
[Source "ChessBase"]
[SourceDate "2012.08.24"]
[SourceVersion "1"]
[SourceVersionDate "2012.08.24"]
[SourceQuality "1"]

1. e4 d6 2. d4 Nf6 3. Nc3 e5 4. Nf3 Nbd7 5. Bc4 Be7 6. 0-0 0-0 7. Re1 a6 8. a4 b6 9. b3 Bb7 10. Ba3 c6 11. Bf1 b5 12. Bb2 Qc7 13. Qd2 Rfe8 14. Rad1 Bf8 15. Qg5 h6 16. Qg3 Nh5 17. Qh4 g6 18. g4 Nf4 19. g5 h5 20. dxe5 dxe5 21. Nxe5 Nxe5 22. Qxf4 Bd6 23. Qg3 Rad8 24. Qg2 b4 25. Nb1 Bc8 26. h3 Bc5 27. Nd2 Bd4 28. Bxd4 Rxd4 29. Nf3 Nxf3+ 30. Qxf3 Qe5 31. Rxd4 Qxd4 32. Bc4 Be6 33. Bxa6 Qd2 34. Re2 Qxg5+ 35. Kh2 Rd8 36. Qg3 Qc5 37. Qe3 Qd6+ 38. f4 c5 39. Bb5 Bc8 40. Qg3 Qf6 1/2-1/2

[Event "Poti Aleksandria Cup 7th"]
[Site "Poti"]
[Date "2012.07.16"]
[Round "3"]
[White "Purtseladze, Maka"]
[Black "Tiraturyan, David"]
[Result "1/2-1/2"]
[WhiteElo "2348"]
[BlackElo "2167"]
[PlyCount "74"]
[EventDate "2012.07.14"]
[EventType "swiss"]
[EventRounds "9"]
[EventCountry "GEO"]
[SourceTitle "CBM 149 Extra"]
[Source "ChessBase"]
[SourceDate "2012.08.24"]
[SourceVersion "1"]
[SourceVersionDate "2012.08.24"]
[SourceQuality "1"]

1. d4 Nf6 2. c4 g6 3. Nc3 d5 4. Bg5 Ne4 5. Bh4 c5 6. cxd5 Nxc3 7. bxc3 Qxd5 8. e3 Bg7 9. Nf3 cxd4 10. cxd4 Nc6 11. Bg3 0-0 12. Be2 e5 13. dxe5 Qa5+ 14. Qd2 Qxd2+ 15. Nxd2 Nxe5 16. 0-0 Be6 17. Nb3 Rac8 18. Rac1 Bc4 19. Bxe5 Bxe2 20. Bxg7 Kxg7 21. Rfe1 Bc4 22. Nd4 Bxa2 23. Ra1 Bc4 24. Rxa7 Ba6 25. g4 Kf6 26. Rb1 Ke5 27. Kg2 Rfd8 28. g5 Rd6 29. Raxb7 Bxb7+ 30. Rxb7 Rf8 31. Re7+ Kd5 32. f4 Rdd8 33. Kf3 Kd6 34. Ra7 Ra8 35. Rb7 Rab8 36. Ra7 Ra8 37. Rb7 Rab8 1/2-1/2

[Event "Wch U18"]
[Site "Kemer"]
[Date "2009.11.22"]
[Round "11"]
[White "Tiraturyan, David"]
[Black "Bebel, Arkadiusz"]
[Result "1/2-1/2"]
[WhiteElo "2158"]
[BlackElo "2275"]
[PlyCount "54"]
[EventDate "2009.11.12"]
[EventType "swiss"]
[EventRounds "11"]
[EventCountry "TUR"]
[SourceTitle "EXT 2010"]
[Source "ChessBase"]
[SourceDate "2010.11.25"]
[SourceVersion "1"]
[SourceVersionDate "2010.11.25"]
[SourceQuality "1"]

1. e4 c5 2. Nf3 e6 3. b3 Nc6 4. Bb5 Nge7 5. 0-0 a6 6. Bxc6 Nxc6 7. Bb2 b5 8. Re1 Bb7 9. d4 cxd4 10. Nxd4 Nxd4 11. Qxd4 Qc7 12. Nc3 Bc5 13. Nd5 Bxd5 14. Qxg7 0-0-0 15. exd5 Rhg8 16. Qc3 exd5 17. a4 Rg4 18. Qe5 Rdg8 19. Qxc7+ Kxc7 20. g3 bxa4 21. Rxa4 Rxa4 22. bxa4 Kc6 23. Kf1 Rb8 24. Be5 Rb4 25. Ra1 Bd4 26. Bxd4 Rxd4 27. Ke2 Rb4 1/2-1/2